000 00500nam a2200193Ia 4500
005 20250326141214.0
008 250326s9999 xx 000 0 und d
020 _a0-380-72489-8
037 _aTextbook
040 _aFMSL
_beng
_cFMSL
041 _aeng
_2eng
084 _aX.1 N5
_qFMSL
100 _aNaisbitt John
_9284605
245 0 _aGlobal Paradox
_cNaisbitt John
260 _aN.Y
_bN.Y, Avon Books
_c1994
300 _a392p
942 _cTB
_hX.1 N5
999 _c1289218
_d1289218